Statistics for Name all the 2022 World cup Stadiums

Click here to take the quiz!

General Stats

  • This quiz has been taken 23 times
  • The average score is 5 of 8

Answer Stats

Answer% Correct
Lusail
92%
Al Bayt
83%
Stadium 974
83%
Al Thumama
67%
Education City
67%
Khalifa International
67%
Al Rayyan (Ahmed bin Ali)
42%
Al Janoub
33%

Score Distribution

Percentile by Number Answered

Percent of People with Each Score

Your Score History

You have not taken this quiz